000
00326nam a22001337a 4500
008
250311b |||||||| |||| 00| 0 eng d
020
_a
9783527343218
050
_a
QD591
_b
.S56
100
_a
Holynska Malgorzata
245
_a
Single-Molecule Magnets
260
_a
Germany
_b
Wiley-VCH
_c
2019
300
_a
XIII,434P
942
_c
BK
999
_c
2228
_d
2228